000 00747nam a2200181Ia 4500
008 100920s9999 xx 000 0 und d
082 _b58083
_a24 थ 90
100 _aसंपा-पटवर्धन मोरेश्वर ,देशपांडे वामन
245 _aगाणी मनातली, गळ्यातली भा. 1.
260 _bसाहित्य-प्रसार-केंद्र, मुंबई.
_c1990
300 _a139
_bसाधी
365 _b50
520 _aसायो.
630 _aगाणी मनातली, गळ्यातली भा. 1.
650 _aसायो.
730 _aगाणी मनातली, गळ्यातली भा. 1.
942 _cBOOK
999 _c701816
_d701813